Statistics for Netherlands... or Belgium?

Click here to take the quiz!

General Stats

  • This quiz has been taken 260 times
    (155 since last reset)
  • The average score is 14 of 20

Answer Stats

QuestionAnswer% Correct
Brussels is their capitalBelgium
96%
Is a member of the European UnionBoth
93%
Is a member of NATOBoth
93%
Has a tulip as their national flowerNetherlands
88%
Borders Metropolitan FranceBelgium
84%
Has the largest populationNetherlands
82%
Has a higher percentage of forest coverBelgium
81%
Has Dutch as an official languageBoth
78%
Has the larger land areaNetherlands
78%
Has more universitiesNetherlands
75%
Has a higher GDP per capitaNetherlands
73%
Has the least religious populationNetherlands
72%
Has a higher poverty rateBelgium
70%
Is a monarchyBoth
67%
Has a larger total military personnelNetherlands
66%
Has a higher crime rateBelgium
65%
Has more billionaires per capitaNetherlands
63%
Inventor and electrical engineer, Charles Joseph Van Depoele, was born in...Belgium
41%
Has a higher average annual precipitation rateBelgium
39%
Has a higher obesity rateNetherlands
29%

Score Distribution

Percentile by Number Answered

Percent of People with Each Score

Your Score History

You have not taken this quiz since the last reset